000 00455nam a2200169 i 4500
001 81791
003 ES-MaACL
005 20230906174519.0
007 t|
008 041108s1971 sp ||||1| cat d
100 1 _aIbáñez Escofet, Manuel.
_964922
245 1 3 _aLa corda fluixa /
_cManuel Ibáñez Escofet.
250 _a[1ª ed.].
260 _a[Barcelona :
_bPáortic,
_c1971]
300 _a179 p. ;
_c18 cm.
852 _aES-MaACL
_jC-48665
_bR.77587
999 _c81791
_d81791